[Event "Sharjah op blitz"]
[Site "Sharjah"]
[Date "2018.05.25"]
[Round "6"]
[White "Fasil, M."]
[Black "Grivas, Efstratios"]
[Result "0-1"]
[WhiteElo "2050"]
[BlackElo "2445"]
[PlyCount "131"]
[EventDate "2018.05.25"]
[EventType "swiss (blitz)"]
[EventRounds "9"]
[EventCountry "UAE"]
[SourceTitle "CBM 184 Extra"]
[Source "ChessBase"]
[SourceDate "2018.06.28"]
[SourceVersion "1"]
[SourceVersionDate "2018.06.28"]
[SourceQuality "1"]

1. e4 e5 2. Nf3 Nc6 3. d4 exd4 4. Nxd4 Bb4+ 5. c3 Be7 6. Bf4 Bf6 7. Bc4 Nge7 8. 0-0 0-0 9. Bb3 Bxd4 10. cxd4 d5 11. e5 Nf5 12. Nc3 Be6 13. Ne2 Qh4 14. Qd2 f6 15. exf6 Qxf6 16. Rfd1 Rae8 17. Bxc7 Qg6 18. Nf4 Qf7 19. Nxe6 Qxe6 20. Re1 Qd7 21. Rxe8 Rxe8 22. Be5 Nxe5 23. dxe5 Rxe5 24. Rd1 Kh8 25. Qb4 Ne7 26. h3 h6 27. Qf4 Qe6 28. Qf8+ Ng8 29. Qf4 Nf6 30. Qb4 Qd7 31. Qf8+ Kh7 32. Qc5 b6 33. Qd4 Qe6 34. Bc2+ Ne4 35. f3 Qc6 36. fxe4 Qxc2 37. Rd2 Qc1+ 38. Rd1 Qc5 39. Qxc5 bxc5 40. exd5 Re7 41. d6 Rd7 42. Kf2 Kg6 43. Ke3 Kf5 44. Rd5+ Ke6 45. Rxc5 Rxd6 46. Rc7 Rb6 47. b3 Ra6 48. a4 g5 49. Rh7 Kf5 50. g4+ Ke5 51. Re7+ Kf6 52. Rh7 Ke5 53. Re7+ Kd5 54. Kd3 Rf6 55. Rd7+ Kc5 56. Re7 Rf3+ 57. Re3 Rf1 58. Ke4 a5 59. Ke5 Kb4 60. Kd6 Rc1 61. Ke6 Rc3 62. Re5 Rxb3 63. Rb5+ Kxa4 64. Rc5 Rxh3 65. Kf5 Kb4 66. Ke4 0-1